DISABLING barriers - enabling environments
Saved in:
| Main Author: | |
|---|---|
| Format: | Book |
| Language: | English |
| Published: |
Sage Publications
2014
|
| Tags: |
Add Tag
No Tags, Be the first to tag this record!
|
MARC
| LEADER | 00000nam a22000007a 4500 | ||
|---|---|---|---|
| 008 | 201210b ||||| |||| 00| 0 eng d | ||
| 020 | |a 978-1-4462-5899-6 | ||
| 100 | |a edited by SWAIN, John …[et al.] | ||
| 245 | |a DISABLING barriers - enabling environments |c edited by John Swain …[et al.] |g xx1; 354p. | ||
| 250 | |b 3rd ed. |c edited by SWAIN John …[et al.]. | ||
| 260 | |b Sage Publications |c 2014 |h Los Angeles |i 692673 |i 692674 |l HV3011 .D63 |m People with disabilities |m People with disabilities – Psychology |m People with disabilities – Services for |m Discrimination against people with disabilities | ||
| 942 | |a lcc |c BK |e YUNUSA, A. A. |f 10/12/2020 | ||
| 952 | |0 0 |1 0 |2 lcc |4 0 |6 HV3011 D63 |7 0 |9 324 |a HOL |b HOL |c GJ |d 2020-12-10 |l 0 |o HV3011 .D63 |p 2020-2059 |r 2020-12-10 00:00:00 |w 2020-12-10 |y BK | ||
| 952 | |0 0 |1 0 |2 lcc |4 0 |6 HV3011 D63 |7 0 |9 325 |a HOL |b HOL |c GJ |d 2020-12-10 |l 0 |o HV3011 .D63 |p 2020-2060 |r 2020-12-10 00:00:00 |w 2020-12-10 |y BK | ||
| 999 | |c 150 |d 150 | ||